| 000 | 00910cam a22001814a 4500 | ||
|---|---|---|---|
| 005 | 20250605163350.0 | ||
| 008 | 250528s ||||||||||||||||||||||||d | ||
| 035 | _a17666 | ||
| 020 | _a9786185112028 | ||
| 040 |
_aGR-AtMCL _bgre _dGR-AtMCL _eAACR2 |
||
| 245 | 1 | _aΦτιάξτε το Δικό σας E-Shop / Έτοιμες, Απλές και Φθηνές Λύσεις | |
| 260 |
_bDigerati, _c2014 |
||
| 300 | _a98 | ||
| 520 | _aΣτήστε το δικό σας μαγαζί με απλά βήματα. Όλες οι πλατφόρμες E-Shop κόλπα και μυστικά. Εισαγωγή, Λύσεις Δημιουργίας E-Shop, Κόλπα και Μυστικά για επιτυχημένα E-Shop, Δημιουργία E-Shop στο Skroutzstore.gr, Δημιουργία E-Shop στο Wazala, Δημιουργία E-Shop στο Weebly. | ||
| 942 | _cBK | ||
| 999 |
_c3068 _d3068 |
||